Viaje hacia el sueño /
Guardado en:
| Autor Principal: | |
|---|---|
| Formato: | |
| Series: | El Cuerpo Viviente
|
| Materias: | |
| Etiquetas: |
Agregar Etiqueta
Sin Etiquetas, Sea el primero en etiquetar este registro!
|
| LEADER | 00996ngm a22002775g 4500 | ||
|---|---|---|---|
| 001 | CEM.cems021707 | ||
| 008 | 130507b1992##################0###0#####d | ||
| 005 | 20240904164325.0 | ||
| 245 | 1 | 0 | |a Viaje hacia el sueño / |c Christiaan Barnard. |
| 300 | |a 25 | ||
| 490 | 0 | |a El Cuerpo Viviente | |
| 500 | |a En soporte VHS, consultar en ventanilla. | ||
| 538 | |a Soporte: VHS - Norma: Pal N - Color - Grabación DRD 1992 - Hitachi=4572 | ||
| 505 | 0 | |a Actividad cerebral durante la vigilia y el sueño. La necesidad de dormir. El insomnio. Períodos de sueño Rem. Eventos físicos y eléctricos durante el sueño. Área cerebral de vigilia permanente. | |
| 100 | 1 | |a Barnard, Christiaan | |
| 082 | 6 | 1 | |/ BAR-4 |
| 653 | |a ANATOMIA | ||
| 653 | |a FISIOLOGIA | ||
| 653 | |a PSICOLOGIA | ||
| 653 | |a SUEÑO | ||
| 653 | |a BIOLOGIA | ||
| 653 | |a VIGILIA | ||
| 653 | |a INSOMNIO | ||
| 653 | |a CEREBRO | ||
| 653 | |a NIVEL SECUNDARIO | ||
| 859 | |a CEMS |b BIB. CEMS - Depto. Recursos Didacticos |h 611 |i BAR-4 |k DRD |p 350.12 |t Ej.1 | ||
